عرض عادي
عرض مارك
- Russell, Stuart J.
مدخل إسم شخص
001 - رقم الضبط
- حقل الضبط: 10682
003 - معرف رقم الضبط
- حقل الضبط: OSt
005 - تاريخ ووقت أخر عملية
- حقل الضبط: 20120412014150.0
008 - عناصر بيانات ثابتة الطول
- حقل تحكم ثابت الطول: 120412|||a|||||| | ||| d
040 ## - مصدر الفهرسة
- هيئة الفهرسة الأصلية: OSt
- وكالة الكتابة: OSt
100 ## - مدخل -- أسم شخص
- إسم شخص: Russell, Stuart J.
- الشكل الكامل للاسم: (Stuart Jonathan)
670 ## - بيانات المصدر موجوده
- الاستشهاد بالمصدر: Work cat.: (OSt)0: Russell, Stuart J. (Stuart Jonathan), Artificial intelligence :, c2010.
